003760000a22001330004500020001800000041000800018082002000026100003900046245005900085260002800144300001200172440005200184001000600236 a84-8280-172-40 aSPA04aG 862.31 V4221f1 aVega, Félix Lope de (1562-1635)10aFuente Ovejuna. El castigo sin venganza / Lope de Vega aBogotá : Oveja Negra a227 Pag 0aColección Historia Universal de la Literatura13140